00374nam a22001457a 450000500170000000800410001702000180005805000160007610000230009224500360011525000090015126000360016030000130019650000190020920250130132732.0250130b |||||||| |||| 00| 0 eng d a9788120316027 aHG4011bVAN aVan, James Horne C aFinancial management and policy a11th aNew DelhibPrentice-Hallcc2001 axix,780p aincludes index